| 000 | 01608 a2200241 4500 | ||
|---|---|---|---|
| 001 | 57719 | ||
| 005 | 20260407155837.0 | ||
| 008 | 260407a2000 arg spa d | ||
| 003 | AR-UNSa-BCEJYS | ||
| 040 |
_aAR-UNSa-BCEJYS _bspa _cAR-UNSa-BCEJYS |
||
| 080 |
_a330.341.44 _xConcentración. Centralización (Industrialización) |
||
| 245 | 1 | 0 | _aEl desempeño industrial argentino más allá de la sustitución de importaciones |
| 264 | 1 |
_aBuenos Aires : _bCEPAL _c2000 |
|
| 300 |
_a336 p. _c22 cm. |
||
| 505 | _a1. Una evaluación del desempeño de la industria argentina en los años noventa / Carlos E. Bonvecchi – 2. El tránsito de la sustitución de importaciones a la economía abierta: los principales cambios en la estructura industrial argentina en los años setenta y los años noventa / Gabriel Yoguel – 3. Evolución del comercio exterior de la industria manufacturera argentina: de la economía semicerrada a la apertura comercial (1974 – 1997) / Adrián Ramos – 4. La dinámica del empleo industrial desde la crisis del modelo sustitutivo / Gabriel Yoguel – 5. El desarrollo de las capacidades tecnológicas de los agentes en la industria manufacturera argentina en los años noventa / Gabriel Yoguel y Rodrigo Rabetino – 6. Industrialización en un contexto de estabilización y apertura externa. El caso argentino en los noventa / Bernardo Kosacoff y Georgina Gómez | ||
| 041 | _aspa | ||
| 942 | _cBK | ||
| 590 | _aniveau_biblio:m niveau_hierar:0 | ||
| 100 | 1 | _aKosacoff, Bernardo | |
| 700 | 1 | _aYoguel, Gabriel | |
| 700 | 1 | _aBonvecchi, Carlos E. | |
| 700 | 1 | _aRamos, Adrián | |
| 999 |
_c6243 _d6243 |
||